000 00553nam a2200217Ia 4500
003 OSt
005 20220926044304.0
006 a|||||r|||| 00| 0
007 ta
008 220923b |||||||| |||| 00| 0 eng d
037 _cGeneral Book
040 _aRTL
_cRTL
_beng
041 _2eng
_aeng
082 _aX72.244.N72s, L2
245 0 _aStatistics of Mysore state finances, 1972
_b A comp
260 _c1972
300 _a126p.
_ccm.
650 _aTax
942 _hX72.244.N72s, L2
_cGB
_2CC
999 _c674415
_d674415